|
|
|
|
| LEADER |
00883nam a2200325 4500 |
| 001 |
DLU060000064 |
| 005 |
##20060209 |
| 040 |
# |
# |
|a DLU
|b vie
|
| 041 |
# |
# |
|a vie
|
| 044 |
# |
# |
|a vn
|
| 082 |
# |
# |
|a 354
|b Gia
|
| 245 |
# |
# |
|a Giáo trình quản lý nhà nước về kinh tế /
|c Đỗ Hoàng Toàn, Mai Văn Bưu đồng chủ biên
|
| 260 |
# |
# |
|a H. :
|b Lao động - Xã hội,
|c 2005
|
| 300 |
# |
# |
|a 439 tr. ;
|c 21 cm
|
| 504 |
# |
# |
|a Tài liệu tham khảo :tr.435-438
|
| 653 |
# |
# |
|a Giáo trình
|
| 653 |
# |
# |
|a Quản lý kinh tế
|
| 653 |
# |
# |
|a Quản lý nhà nước
|
| 700 |
# |
# |
|a Đỗ Hoàng Toàn
|e chủ biên
|
| 700 |
# |
# |
|a Mai Văn Bưu
|e chủ biên
|
| 923 |
# |
# |
|a 59/2005
|
| 992 |
# |
# |
|a 58.000
|
| 994 |
# |
# |
|a DLU
|
| 900 |
# |
# |
|a True
|
| 911 |
# |
# |
|a Đào Thị Thu Huyền
|
| 925 |
# |
# |
|a G
|
| 926 |
# |
# |
|a A
|
| 927 |
# |
# |
|a SH
|
| 980 |
# |
# |
|a Thư viện Trường Đại học Đà Lạt
|